01003nam a2200265Ia 4500003000400000005001700004008004100021020001800062040001800080041000800098082001800106100003100124245007300155250001200228260004200240300003000282650004400312650004000356650006000396650004600456650005800502942002800560999001900588952013000607OSt20241122105031.0210716s2017 xx 000 0 und d a9789351197201 cAIMIT LIBRARY aeng a005.74 bDESS aDeshpande, Sachin.9185608 aDistributed databases :bincludes practicals /cBy Sachin Deshpande. a1st ed. aNew Delhi :bDreamtech Press ,c2017. axvi,356 p.;bPBc24.5 cm. aConcept and overview ddb system9185609 aDistributed database design9185610 aDistributed transaction and concurrency control9185611 aDistributed deadlobk and recovery9185612 aDistributed query processing and optimization9185613 2ddccBKe1k005.74 DESS c197255d197255 001040708MCAaAIMITbAIMITeKnowledge Worldg379.00l0o005.74 DESSpMCA16770r2026-05-23 00:00:00v284.25w2021-07-16yBK